000
00313nam a2200133Ia 4500
008
150201s2010 xx 000 0 und d
082
_a
610
_b
E10C
100
_a
CHUGH,SN
245
_a
EMERGENCY MEDICINE
250
_a
3RD
260
_b
PEEPEE
_a
DELHI
_c
2010
650
_a
MEDICINE AND DIAGNOSIS
942
_2
ddc
_c
BK
_0
33
999
_c
600
_d
600